Statistics for Random African City on a Map - Hard

Click here to take the quiz!

General Stats

  • This quiz has been taken 210 times
  • The average score is 14 of 20

Answers on the Map

Answers color-coded by a green-red scale on the quiz's map according to % correct below.
 

Answer Stats

Answer% Correct
Abuja
100%
Addis Ababa
100%
Algiers
100%
Antananarivo
100%
Benin City
100%
Bissau
100%
Bloemfontein
100%
Cairo
100%
Cape Town
100%
Conakry
100%
Cotonou
100%
Dakar
100%
Dar es Salaam
100%
Djibouti
100%
Dodoma
100%
Douala
100%
East London
100%
Harare
100%
Juba
100%
Kampala
100%
Khartoum
100%
Kigali
100%
Kinshasa
100%
Kumasi
100%
Lagos
100%
Libreville
100%
Lome
100%
Malabo
100%
Maputo
100%
Marrakesh
100%
Mbabane
100%
M'Banza Kongo
100%
Mogadishu
100%
Mombasa
100%
Monrovia
100%
Moroni
100%
Naimey
100%
N'Djamena
100%
Nouakchott
100%
Oran
100%
Ouagadougou
100%
Port Elizabeth
100%
Port Louis
100%
Port Said
100%
Port Sudan
100%
Praia
100%
Pretoria
100%
Rabat
100%
São Tomé
100%
Sousse
100%
Timbuktu
100%
Tripoli
100%
Tunis
100%
Vereeniging
100%
Victoria
100%
Walvis Bay
100%
Wete
100%
Windhoek
100%
Yaounde
100%
Zanzibar
100%
Asmara
90%
Livingstone
89%
Luanda
89%
Benghazi
88%
Blantyre
88%
Freetown
88%
Yamoussoukro
88%
Banjul
86%
Cabinda
86%
Fez
86%
Gaborone
86%
Suez
86%
Abidjan
83%
Agadir
83%
Alexandria
83%
Aswan
83%
Bamako
83%
Bangui
83%
Bata
83%
Berbera
83%
Gitega
83%
Kaduna
83%
Kano
83%
Maseru
83%
Tangier
83%
Touba
83%
Nairobi
82%
Beira
80%
Constantine
80%
Durban
80%
Harar
80%
Lilongwe
80%
Luxor
80%
Sfax
80%
Jos
78%
Accra
75%
Bouake
75%
Casablanca
75%
Dire Dawa
75%
Gao
75%
Garoua
75%
Mbombela (Nelspruit)
75%
Pietermaritzburg
75%
Swakopmund
75%
Hargeysa
73%
Bobo-Dioulasso
71%
Cape Coast
71%
Johannesburg
71%
Kisangani
71%
Port Harcourt
71%
Francistown
70%
Bizerte
67%
Gondar
67%
Ibadan
67%
Kananga
67%
Laayoune
67%
Lusaka
67%
Mbuji-Mayi
67%
Mwanza
67%
Safi
67%
Sarh
67%
Agadez
63%
Mamoudzou
63%
Bulawayo
60%
Ilorin
60%
Kayes
60%
Nouadhibou
60%
Pointe-Noire
60%
Saint Denis
60%
San Pedro
60%
Bujumbura
57%
Kisumu
57%
Lubango
57%
Newcastle
57%
Richard's Bay
55%
Annaba
50%
Biskra
50%
Buchanan
50%
Kimberley
50%
Kitwe
50%
Maiduguri
50%
Misrata
50%
Sokoto
50%
Tamale
50%
Wa
50%
Welkom
50%
Upington
44%
Nyala
43%
Benguela
40%
Meknes
40%
Nakuru
40%
Wadi Halfa
40%
Setif
36%
Arusha
33%
Kismayo
33%
Kolwezi
33%
Lubumbashi
33%
Makhanda (Grahamstown)
33%
Polokwane
33%
Songea
33%
Zaria
33%
Mbeya
30%
Sekondi-Takoradi
29%
Goma
25%
Mzuzu
20%
Tanga
17%
Aba
0%

Score Distribution

Percentile by Number Answered

Percent of People with Each Score

Your Score History

You have not taken this quiz